BIBLIOTHÈQUE DE LA MAISON DU MEXIQUE

Logo 1 Logo 2

Carlos Fuentes (notice nᵒ 12591)

détails MARC
000 -Sello discográfico
campo de control de longitud fija 01041nam a2200313 4500
005 - Identificación de versión
campo de control 20251016083423.0
010 ## - Número Estándar Internacional de Libros (ISBN)
Número (ISBN) 968-16-5993-7
035 ## - Otros números de control del sistema
Número de control del sistema 27535
099 ## - fechas locales
Tipo de ítem Koha LIBRO
100 ## - Datos de procesamiento general
Datos de procesamiento general 20010102d1999 m y1spay5003 ba
105 ## - Campo de datos codificados: Material textual, monográfico
Datos codificados de monografía y 001ay
200 1# - Título y mención de responsabilidad
Título propio Carlos Fuentes
Designación general del material texto impreso
Otra información del título territorios del tiempo : Antología de entrevistas
Primer mención de responsabilidad Compilación e introducción Jorge F. Hernández
205 ## - Declaración de edición
Declaración de edición 1a ed
210 ## - Publicación, distribución, etc.
Lugar de publicación, distribución, etc. México
Nombre del editor, distribuidor, etc. Fondo de Cultura Económica
Fecha de publicación, distribución, etc. 1999
215 ## - Descripción física
Designación de material específico y extensión del ítem 310 p
Dimensiones 21 cm
345 ## - Nota de información de adquisición
Fuente de adquisición/dirección de la suscripción [OBSOLETO] Donación
410 #1 - Series
Título Colección Tierra Firme
600 ## - Nombre personal usado como materia
Elemento de entrada Fuentes Macías
Parte del nombre distinta del elemento de entrada Carlos
Fechas 1928-2012
Subdivisión temática Entrevistas
Número Koha 19343
600 ## - Nombre personal usado como materia
Elemento de entrada Fuentes Macías
Parte del nombre distinta del elemento de entrada Carlos
Fechas 1928-2012
Subdivisión temática Crítica e interpretación
Número Koha 181
660 ## - Código de área geográfica
Código MX
702 ## - Nombre personal - Responsabilidad secundaria
Elemento de entrada Hernández
Parte del nombre distinta del elemento de entrada Jorge Fabricio
Fechas 1962-
Número Koha 6273
801 #0 - Fuente de origen
Agencia cm
900 ## -
-- 1/971
900 ## -
-- 7100112753\020101
942 ## - ELEMENTOS DE ENTRADA SECUNDARIOS (KOHA)
Tipo de ítem Koha Livre
996 ## -
-- MEX
-- 751145101
-- MMAG
-- 005948
-- 863.4 F954CAR
-- 20220121LIV
Exemplaires
Estatus retirado Estado de daño Estado de pérdida Fecha de adquisición Biblioteca de origen Biblioteca actual Ubicación en estantería Código de barras Precio de reemplazo Signatura topográfica completa No para préstamo Tipo de ítem Koha Nota pública Nota no pública
      05/08/2025 Casa México Paris Casa México Paris   005948 05/08/2025 863.4 F954CAR   Livre 20220121LIV 751145101